[Event "Olympiad-31"]
[Site "Moscow"]
[Date "1994.12.04"]
[Round "4.2"]
[White "Kramnik, Vladimir"]
[Black "Damljanovic, Branko"]
[Result "1-0"]
[WhiteElo "2725"]
[BlackElo "2505"]
[Annotator "Gagarin,V"]
[PlyCount "78"]
[EventDate "1994.12.01"]
[EventType "team-swiss"]
[EventRounds "14"]
[EventCountry "RUS"]
[SourceTitle "CBM 045"]
[Source "ChessBase"]
[SourceDate "1995.04.01"]
[SourceVersion "1"]
[SourceVersionDate "1995.04.01"]
[SourceQuality "1"]
[WhiteTeam "Russia"]
[BlackTeam "Serbia & Montenegro"]
[WhiteTeamCountry "RUS"]
[BlackTeamCountry "YUG"]

1. d4 {Ftacnik} d5 2. Nf3 Nf6 3. c4 dxc4 4. Nc3 c6 5. a4 Bg4 6. Ne5 Bh5 7. f3
Nfd7 8. Nxc4 e5 9. Ne4 Bb4+ 10. Bd2 Qe7 11. Bxb4 Qxb4+ 12. Qd2 Qxd2+ 13. Kxd2
exd4 14. Ned6+ Ke7 15. Nf5+ (15. Nxb7 Na6 {Ftacnik} 16. e3 (16. Nca5 Nb4 17.
Rc1 Nb6 18. Nc5 f6 19. Nd3 Nxd3 20. exd3 $10 {Bareev,E-Dimitrov,V/Gausdal/1986/
}) (16. Re1 Ndc5 17. Nxc5 Nxc5 18. e3 Rhd8 19. exd4+ Kf8 20. Re5 Rxd4+ 21. Kc3
Rd5 22. a5 f6 23. Rxd5 cxd5 24. Nd6 {Magerramov,E-Pomes,J/Andorra op (8)/1993/
0.5 (40)}) 16... Ndc5 (16... dxe3+ 17. Kxe3 Nac5 18. Nba5 Rhc8 19. Be2 Rab8 20.
Rhc1 Nb3 21. Nxb3 Rxb3+ 22. Kf2 Nb6 23. Rc2 Bg6 24. Rd2 {Hansen,SuB-Jauernig,U/
Budapest Festival (2)/1991/1-0 (32)}) 17. Nxc5 Nxc5 18. Na5 dxe3+ 19. Kxe3 Rhe8
20. Bc4 Rad8 21. Kf4 Rd4+ 22. Kg3 Kf6 23. Rhe1 Rxe1 24. Rxe1 $14 {Adorjan,
A-Flear,G/Szirak/1986/}) 15... Kf6 (15... Kd8) 16. Nxd4 Rd8 (16... Nc5 17. Kc3
Rd8 18. e4 $1 {-16...Rd8/}) 17. e4 $1 Nc5 18. Kc3 Rxd4 (18... Nbd7 {Ftacnik}
19. g4 Bg6 20. Be2 $16) 19. Kxd4 Nb3+ 20. Kc3 Nxa1 21. Be2 Ke7 (21... b5 $6 22.
Ne3 $16) (21... Nd7 22. Rxa1 Nc5 {Polugaevsky,L-Huebner,R/Tilburg/1985/0,5/31/}
23. g4 $1 (23. e5+ {Ftacnik} Ke7 24. g4 {Polugaevsky,L-Huebner,R/Tilburg/1985/
0.5 (31)}) 23... Bg6 24. h4 h6 (24... h5 25. g5+ Ke7 26. b4 Ne6 27. Na5 Rb8 28.
Ba6 $1 $16) 25. b4 Ne6 26. Na5 $16 {Polugaevsky/}) 22. Rxa1 $16 {>< Bh5/} Nd7
23. b4 $1 {/\ Na5 ><b7,c6/} f6 24. Rd1 $1 (24. Na5 Rb8 $14 {/\ Kd8-c7/} (24...
Rb8 {Ftacnik} 25. Rd1 Kd8 26. Ba6 $5 bxa6 27. Nxc6+ Kc7 28. Nxb8 Nxb8 $14))
24... Nb6 25. Na5 $1 {>< b7,c6/} Nxa4+ (25... Rb8 26. Kb3 $5 (26. Ba6 $5 Nxa4+
27. Kc2 (27. Kb3 $6 Nc5+ $1 28. bxc5 bxa6+ 29. Kc3 Be8 $17) 27... c5 28. Bxb7
Be8 29. Nc6+ Bxc6 30. Bxc6 Rxb4 31. Rd7+ Kf8 32. Rxa7 Nb6 $14) 26... Bf7+ 27.
Ka3 $16 {/\ Ba6!/}) 26. Kb3 Nb6 27. Nxb7 Bf7+ 28. Kc3 Rb8 29. Ba6 $1 (29. Nc5
$6 Rc8 30. Ra1 Rc7 $14) (29. Na5 {Ftacnik} Rc8 30. Ra1 Rc7 $14) 29... Be8 (
29... Na4+ $5 30. Kc2 Be6 $16) 30. Ra1 Nd7 (30... h6 31. Nc5 Nd7 32. Nb3 Nb6
33. Bc4 $1 Ra8 34. Nd4 Bd7 $16) 31. h4 $1 Nb6 32. Nc5 Nd7 33. Nb3 g6 34. Nd4
Nb6 35. Bc4 $1 Rb7 {/\ c5/} (35... Nxc4 36. Kxc4 $16 {>< a7,c6/} (36. Rxa7+ {
Ftacnik})) 36. Bb3 $1 (36. f4 {Ftacnik} c5 $1 37. bxc5 Na4+) 36... Bd7 37. Ra5
$1 {>< c5/} Na8 38. Ba4 Rc7 39. Rc5 $18 Nb6 (39... Nb6 40. Bxc6 $18 (40. Bxc6 {
Ftacnik} Bxc6 41. Rxc6 $18)) 1-0

[Event "Bishkek zt"]
[Site "Bishkek"]
[Date "1993.??.??"]
[Round "?"]
[White "Nesterov, Yakov"]
[Black "Imanaliev, Taalaibek"]
[Result "1-0"]
[WhiteElo "2445"]
[BlackElo "2365"]
[Annotator "Glatman,V"]
[PlyCount "49"]
[EventDate "1993.??.??"]
[EventType "tourn"]
[EventRounds "13"]
[EventCountry "KGZ"]
[EventCategory "7"]
[SourceTitle "CBM 035"]
[Source "ChessBase"]
[SourceDate "1993.08.01"]
[SourceVersion "1"]
[SourceVersionDate "1993.08.01"]
[SourceQuality "1"]

1. d4 d5 2. c4 c6 3. Nf3 Nf6 4. Nc3 dxc4 5. a4 Bg4 6. Ne5 Bh5 7. f3 Nfd7 8.
Nxc4 e5 9. e4 $5 Qh4+ 10. Ke2 $5 $146 (10. g3 Qf6 11. dxe5 Nxe5 $5 (11... Qxf3
12. Nd6+ Bxd6 $2 (12... Ke7 13. Bf4 $1 Qxd1+ 14. Nxd1 Bf3 15. Rg1 h6 16. Ne3
Bh5 17. Nef5+ Kd8 18. g4 Bg6 19. Bc4 $16 {Kremenetsky-Yanovsky/Moscow/1988/}) (
12... Kd8 13. Qxf3 Bxf3 14. Nxf7+ Ke8 15. Nxh8 Bxh1 16. e6 Nc5 17. Be3 Bf3 18.
Nf7 $14 {Sokolov,I-Lautier,J/Beograd/1991/ Inf 53/361)}) 13. Qxd6 Qxh1 14. Bg5
f6 15. exf6 gxf6 16. Qe6+ Kd8 17. Bxf6+ Nxf6 18. Qxf6+ Kc7 19. Qe5+ $18) 12.
Nxe5 Qxe5) 10... exd4 (10... Bb4 11. dxe5 O-O 12. Be3 Qe7 13. Qc2 Nxe5 $6 {
>=13...f6; 13...f5!?} 14. Nxe5 Qxe5 15. g4 $1 Bxc3 (15... Bg6 16. f4) 16. Qxc3
Qxc3 17. bxc3 $16 {Meister-Sideif Sade/Ostrava/1992/}) 11. Qxd4 Bc5 12. Nd6+ (
12. Qxg7 $2 Qf2+ 13. Kd1 Rf8 {/\14...Bf3-/+}) 12... Kf8 $6 (12... Bxd6 13. Qxd6
Na6 14. Bf4 Qe7 $16 (14... O-O-O $2 15. Nb5 $1 cxb5 16. Rc1+ Ndc5 17. Rxc5+
Nxc5 18. Qc7#)) 13. Qxg7+ $1 Kxg7 14. Nf5+ Kf6 15. Nxh4 $16 Na6 16. Bh6 (16. g4
Bg6 17. f4 h5 18. g5+ $16) 16... Ne5 17. g4 Nxg4 $8 (17... Bg6 18. g5+ Ke7 (
18... Ke6 19. Bh3+ Kd6 20. Bg7 $18) 19. Bg7 $18) 18. fxg4 Bxg4+ 19. Kd2 Rad8+ (
19... Nb4 20. Bc4 Rad8+ 21. Kc1 $18) 20. Kc2 Nb4+ 21. Kb3 Be6+ 22. Bc4 Bxc4+
23. Kxc4 Rd4+ $2 (23... b6 24. Nf5 Rhg8 25. Rad1 $18) 24. Kxc5 Nc2 25. Bg7+ $1
(25. Bg7+ Kxg7 26. Nf5+ Kf6 27. Nxd4 $18) 1-0

[Event "EU-ch 12th"]
[Site "Aix les Bains"]
[Date "2011.03.23"]
[Round "2"]
[White "Gabrielian, Artur"]
[Black "Potkin, Vladimir"]
[Result "0-1"]
[WhiteElo "2532"]
[BlackElo "2653"]
[Annotator "Grivas,E/Primel,D"]
[PlyCount "66"]
[EventDate "2011.03.22"]
[EventType "swiss"]
[EventRounds "11"]
[EventCountry "FRA"]
[SourceTitle "CBM 142 Extra"]
[Source "ChessBase"]
[SourceDate "2011.06.27"]
[SourceVersion "1"]
[SourceVersionDate "2011.06.27"]
[SourceQuality "1"]

1. d4 d5 2. c4 c6 3. Nf3 Nf6 4. Nc3 dxc4 5. a4 e6 6. e3 c5 7. Bxc4 Nc6 8. O-O
cxd4 9. exd4 Be7 10. Re1 O-O 11. Bg5 b6 12. d5 {This offers nothing to White.
For more info look at Shirov,A-Svidler,P Foros 2008.} Nxd5 ({Black should avoid
} 12... exd5 $6 13. Nxd5 Nxd5 14. Qxd5 Bxg5 15. Nxg5 $16 {.}) 13. Bxd5 exd5 14.
Nd4 ({The older} 14. Qxd5 {is good only for equality (surely White had to go
for it!):} Qxd5 15. Nxd5 Bxg5 (15... Bc5 16. Be3 Bg4 17. Bxc5 bxc5 18. Ne5 $1 (
18. Rac1 Bxf3 19. gxf3 Nd4 20. Kg2 Ne6 21. Re4 Rab8 22. Nf4 Nxf4+ {1/2-1/2
Gelfand,B-Grischuk,A Moscow 2008}) 18... Nxe5 19. Rxe5 $14) 16. Nxg5 h6 17. Ne4
Rd8 18. Rad1 Bf5 $11 {Pelletier,Y-Grischuk,A Dresden 2008.}) 14... Bxg5 15.
Nxc6 Qd6 16. Qxd5 Qxd5 17. Nxd5 {[%csl Gc6,Gc8,Gd5,Gg5] White's knights look
well placed, but the black bishop pair is strong as well.} Bd7 18. Nce7+ Bxe7 (
{Black could think of} 18... Kh8 19. f4 Bh6 {.}) 19. Nxe7+ Kh8 20. f4 ({
I would prefer something like} 20. a5 bxa5 21. Rxa5 Rfb8 22. Re2 $11 {.}) 20...
g6 21. b4 Kg7 22. b5 {[%csl Ga4]} Rfd8 23. Rac1 Be6 24. Nc6 Rd2 25. Rcd1 Ra2
26. Rd4 $2 (26. Ra1 Rb2 27. Rab1 $11 {.}) 26... Kf6 $2 (26... a6 $1 27. Re5 h6
$17 {[%csl Ga4,Gb5] .}) 27. Kf1 $2 (27. Nb4 $1 Rb2 28. h3 $11 {.}) 27... Bb3 $1
{[%csl Ga4]} 28. Ree4 h5 29. h4 a5 30. Rd6+ Kg7 {A premature resignation,
although White's position is critical, due to the weakness on a4.} 31. Nd4 {
[%cal Gd4b3,Gf4f5] La suite non saisie par la FFE} Bxa4 (31... Bc4+ {[%cal
Ga2a4]}) 32. f5 gxf5 (32... Bc2 {[%cal Gc2f5]}) 33. Re7 Bc2 {Suite illisible
et gain Noir au 40ème coup avec les coups suivants: 38. Nd6 a3 39.Nf7 a2 40.
Nh6 Kf8 et abandon} 0-1

[Event "Groningen"]
[Site "Groningen"]
[Date "1991.??.??"]
[Round "5"]
[White "Piket, Jeroen"]
[Black "Romanishin, Oleg M"]
[Result "1/2-1/2"]
[WhiteElo "2590"]
[BlackElo "2600"]
[Annotator "Hansen,Cu"]
[PlyCount "93"]
[EventDate "1991.12.??"]
[EventType "tourn"]
[EventRounds "9"]
[EventCountry "NED"]
[EventCategory "13"]
[SourceTitle "CBM 027"]
[Source "ChessBase"]
[SourceDate "1992.04.01"]
[SourceVersion "1"]
[SourceVersionDate "1992.04.01"]
[SourceQuality "1"]

1. d4 d5 2. Nf3 Nf6 3. c4 dxc4 4. Nc3 c6 5. a4 Bg4 6. Ne5 Bh5 7. h3 Nbd7 8.
Nxc4 e6 9. g4 Bg6 10. Bg2 h5 $6 {N} (10... Bb4 11. O-O a5 (11... Nb6 12. Ne5 a5
13. Bg5 Nbd7 14. f4 Qb6 $13 {Khenkin-Huzman 1986}) 12. e4 (12. Bf4 Nb6 13. Ne5
Nfd5 14. Bd2 f6 15. Nxg6 hxg6 16. e4 Ne7 17. Be3 Nc4 $10 {Shashin-Silakov 1976}
) 12... O-O 13. Qe2 Nb6 14. Nxb6 Qxb6 15. f4 h6 16. f5 exf5 17. gxf5 Bh5 18.
Qf2 $16 {Novikov-Sapis 1988}) 11. g5 Nd5 12. e4 N5b6 13. Ne3 Qxg5 (13... a5 14.
f4 {/\f4-f5}) 14. a5 Nc4 15. O-O Nxe3 16. Bxe3 Qd8 17. f4 $16 Be7 18. f5 exf5
19. exf5 Bh7 20. a6 bxa6 21. Bxc6 Rc8 22. Rxa6 O-O 23. Bg2 {ץh7} Bg5 24. Bxg5
Qxg5 25. Ne4 Qe3+ 26. Kh2 Rb8 27. b3 Rb6 28. Rxa7 Nf6 29. Re7 Qh6 30. Nxf6+
Qxf6 31. Re5 Rd6 32. Qxh5 Rxd4 33. Qe2 Qd6 34. Kh1 Rd2 35. Qe4 Rd4 36. Rd5 Rxe4
37. Rxd6 Rb4 38. Bd5 Rh4 39. Kg2 Rh5 40. Be4 Re8 41. Rf4 Kf8 42. Kg3 Rg5+ 43.
Kf3 Rg1 44. Kf2 Rc1 45. Rd7 Rcc8 46. b4 $2 (46. Bd3 $16) 46... Rxe4 $10 47.
Rxe4 {Hansen,C} 1/2-1/2

[Event "Hoogovens"]
[Site "Wijk aan Zee"]
[Date "1993.01.??"]
[Round "2"]
[White "Shirov, Alexei"]
[Black "Nikolic, Predrag"]
[Result "1/2-1/2"]
[WhiteElo "2670"]
[BlackElo "2630"]
[Annotator "Hertneck,G"]
[PlyCount "74"]
[EventDate "1993.01.??"]
[EventType "k.o."]
[EventRounds "5"]
[EventCountry "NED"]
[SourceTitle "CBM 034"]
[Source "ChessBase"]
[SourceDate "1993.06.01"]
[SourceVersion "1"]
[SourceVersionDate "1993.06.01"]
[SourceQuality "1"]

1. d4 d5 2. c4 c6 3. Nf3 Nf6 4. Nc3 dxc4 5. a4 Bg4 6. Ne5 Bh5 7. f3 Nfd7 8.
Nxc4 e5 9. e4 $5 (9. Ne4 Bb4+ 10. Bd2 Qe7 $13) 9... Qh4+ (9... Bb4 10. Be3 exd4
11. Bxd4 O-O $13 {/\ Na6, Qe7 Barbero,G-Gonzalez,E, Thessaloniki ol 1984}) 10.
g3 Qf6 11. dxe5 Qxf3 $8 (11... Nxe5 $2 12. Nxe5 Qxe5 13. g4 $16) 12. Nd6+ Kd8 (
12... Bxd6 $2 13. Qxd6 Qxh1 14. Bg5 f6 15. exf6 gxf6 16. Qe6+ Kd8 17. Bxf6+
Nxf6 18. Qxf6+ Kc7 19. Qe5+ $1 $18 {Sokolov,I}) (12... Ke7 13. Bf4 Qxd1+ 14.
Nxd1 Bf3 15. Rg1 h6 $6 16. Ne3 $16 {Kremenetsky,A-Yanovsky,S, Moscow 1988}) 13.
Qxf3 Bxf3 14. Nxf7+ Ke8 15. e6 $146 (15. Nxh8 Bxh1 16. e6 Nc5 17. Be3 Bf3 18.
Nf7 Bg4 $13 {Sokolov,I-Lautier,J, Belgrade 1991 53/361}) 15... Nc5 (15... Bxh1
$2 16. exd7+ Nxd7 17. Nxh8 $18) 16. Bc4 Bxh1 17. Nxh8 Bxe4 (17... Nxe4 $5) 18.
Bg5 Bf5 $5 (18... h6 $6 19. Be3) (18... Nba6 19. O-O-O Nb4 20. Nxe4 Nxe4) 19.
O-O-O Be7 20. Bxe7 Kxe7 21. Rf1 $1 g6 (21... Bxe6 22. Bxe6 Kxe6 23. Rf8 $13)
22. g4 Bxe6 23. Bxe6 Kxe6 24. Rf8 a5 $1 $13 {white can't exploit his lead in
development} 25. h4 b6 26. Kc2 Nca6 27. Ne4 Ra7 28. Ng5+ Kd5 29. Nhf7 Re7 30.
Rh8 Nd7 31. Rxh7 Ne5 32. Nxe5 Rxh7 33. Nxh7 Kxe5 34. Nf8 Kf4 35. Nxg6+ Kxg4 36.
Ne5+ Kxh4 37. Nxc6 Kg5 1/2-1/2

[Event "Vrnjacka Banja"]
[Site "Vrnjacka Banja"]
[Date "1991.??.??"]
[Round "13"]
[White "Malaniuk, Vladimir P"]
[Black "Huzman, Alexander"]
[Result "0-1"]
[WhiteElo "2500"]
[BlackElo "2475"]
[Annotator "Hertneck,G"]
[PlyCount "154"]
[EventDate "1991.04.??"]
[EventType "tourn"]
[EventRounds "15"]
[EventCountry "YUG"]
[EventCategory "9"]
[SourceTitle "CBM 023"]
[Source "ChessBase"]
[SourceDate "1991.08.01"]
[SourceVersion "1"]
[SourceVersionDate "1991.08.01"]
[SourceQuality "1"]

1. d4 {Ftacnik} d5 2. c4 c6 3. Nf3 Nf6 4. Nc3 dxc4 5. a4 Bg4 6. Ne5 Bh5 7. f3
Nfd7 8. Nxc4 e5 9. Ne4 (9. dxe5 $4 Qh4+ 10. g3 Qxc4 $19) (9. Nxe5 Nxe5 10. dxe5
Nd7 $1 11. f4 Bb4 12. Qc2 Qe7 13. e4 g5 $1 14. Be2 gxf4 $1 {Timman,J-Petrosian,
T, Las Palmas izt 1982, i34/455}) 9... Bb4+ 10. Bd2 Qe7 11. dxe5 O-O 12. Rc1
Na6 $1 (12... Bxd2+ 13. Qxd2 Nxe5 14. Nxe5 Qxe5 15. Rc5 $1 $18) 13. Bxb4 Nxb4
$1 (13... Qxb4+ 14. Qd2 Bg6 15. Ned6 Qxa4 16. Nxb7 Ndc5 17. Nxc5 Nxc5 18. Qa5
$1 {+/- _|_}) 14. Qd6 Rfe8 15. f4 $2 (15. Qxe7 Rxe7 16. Ned6 (16. f4 {Ftacnik}
f6 17. Ng3 fxe5 18. Nxh5 g6 $1 $15 {Hasin, Ruban}) 16... Nxe5 17. Nxe5 Rxe5 18.
e4 $13) 15... f6 16. Ng3 Bg6 $1 (16... fxe5 $5 17. Nxh5 g6 $13 {cf. ECO D16/7
n.41} (17... g6 {Ftacnik} 18. Qxd7 $1 $18)) 17. f5 Nxe5 18. Qxe7 (18. fxg6 {
Ftacnik} Ned3+ 19. Kd2 Nxc1 20. Qxe7 Rxe7 21. gxh7+ Kxh7 22. Kxc1 Rd8 $17)
18... Rxe7 19. Nxe5 (19. fxg6 Ned3+ 20. Kd2 Nf2 $1 21. gxh7+ Kxh7 22. Rg1 $6
Rd8+ 23. Kc3 Na2+ 24. Kc2 Nxc1 25. Kxc1 Rd1+ 26. Kc2 b5 $44) 19... Rxe5 20.
fxg6 Nd3+ 21. Kd2 Nxc1 22. gxh7+ Kxh7 23. Kxc1 Rc5+ (23... Rd8 {/\ Rc5}) 24.
Kb1 Rd8 25. e3 Rd1+ 26. Ka2 Rc2 $17 {>< b2, e3, >< Rh1} 27. Kb3 (27. h4 $5 {
Ftacnik}) 27... Rcc1 28. a5 Kh6 29. h4 Re1 30. Rh3 Rxe3+ 31. Ka2 Rxg3 32. Rxg3
Rxf1 33. Rb3 Rf5 34. Rxb7 Rxa5+ 35. Kb3 g6 (35... Rb5+ {Ftacnik} 36. Rxb5 cxb5
37. Kb4 Kh5 38. Kxb5 Kxh4 39. Ka6 Kg3 40. Kxa7 Kxg2 41. b4 f5 42. b5 f4 43. b6
f3 44. b7 f2 45. b8=Q f1=Q 46. Qb7+ $10) 36. Rf7 f5 37. Rf6 Rb5+ 38. Kc3 Rb6
39. Rd6 Kh5 40. Rd4 a5 41. Rc4 (41. g3 $5 {Ftacnik}) 41... Rb4 42. Rxb4 (42.
Rxc6 {Ftacnik} Rxh4 43. Rc5 Rg4 $19) 42... axb4+ 43. Kxb4 Kxh4 44. Kc5 Kg3 45.
Kxc6 Kxg2 46. b4 f4 47. b5 f3 48. b6 f2 49. b7 f1=Q 50. b8=Q Qc4+ 51. Kd7 Qf7+
52. Kc6 Qc4+ 53. Kd7 Qf7+ 54. Kc6 g5 55. Qe5 g4 56. Qe2+ Kh3 57. Kb5 g3 58. Qe3
Qd5+ 59. Ka6 Kg4 60. Qe2+ Kf4 61. Qf1+ Ke3 62. Qe1+ Kf4 63. Qf1+ Kg5 64. Qe2 g2
65. Qe3+ Kf5 66. Qf2+ Ke6 67. Ka7 Kd7 68. Kb6 Qg5 69. Qd4+ Ke6 70. Qc4+ Kf6 71.
Qd4+ Kf7 72. Qg1 Kg6 73. Ka7 Qa5+ 74. Kb8 Qb5+ 75. Ka7 Qb2 76. Ka8 Kf7 77. Ka7
Kg8 0-1

[Event "RUS-ch"]
[Site "Elista"]
[Date "1994.??.??"]
[Round "11"]
[White "Shcherbakov, Ruslan"]
[Black "Rublevsky, Sergei"]
[Result "1/2-1/2"]
[WhiteElo "2510"]
[BlackElo "2565"]
[Annotator "Hertneck,G"]
[PlyCount "58"]
[EventDate "1994.09.??"]
[EventType "swiss"]
[EventRounds "11"]
[EventCountry "RUS"]
[SourceTitle "CBM 044"]
[Source "ChessBase"]
[SourceDate "1995.02.01"]
[SourceVersion "1"]
[SourceVersionDate "1995.02.01"]
[SourceQuality "1"]

1. Nf3 {Ftacnik} d5 2. d4 Nf6 3. c4 dxc4 4. Nc3 c6 5. a4 Bg4 6. Ne5 Bh5 7. f3
Nfd7 8. Nxc4 e5 9. e4 Qh4+ 10. g3 Qf6 11. dxe5 Qxf3 12. Nd6+ Kd8 (12... Bxd6 {
Ftacnik} 13. Qxd6 Qxh1 14. Bg5 f6 15. exf6 gxf6 16. Bxf6 Nxf6 17. Qe6+ Kf8 18.
Qxf6+ Kg8 19. Qg5+ Bg6 20. O-O-O Qf3 21. Bc4+ Kg7 22. Rf1 $18) (12... Ke7 {
Ftacnik} 13. Bf4 $1 Qxd1+ (13... Qxh1 14. Qxh5) 14. Nxd1 Nc5 15. Ne3 $16) 13.
Qxf3 Bxf3 14. Nxf7+ Ke8 15. e6 Nc5 16. Bc4 (16. Rg1 {Ftacnik} Nb3 17. Nxh8 Bc5
$1 18. Bc4 Nxa1 19. Rf1 Nc2+ 20. Kd2 Nd4 21. Nf7 Bg4 22. Ne5 Bxe6 $10) 16...
Bxh1 17. Nxh8 Nxe4 $146 (17... Bxe4 18. Bg5 Bf5 19. O-O-O Be7 20. Bxe7 Kxe7 21.
Rf1 $14 {Shirov,A-Nikolic,P/Wijk/1993}) 18. Nxe4 Bxe4 19. Bg5 (19. Nf7 Bd5 20.
b3 Na6 $13) 19... h6 (19... Bb4+ 20. Ke2 h6 21. Be3 $14) 20. Bf4 Bd5 21. Bxd5 (
21. b3 $5) 21... cxd5 22. O-O-O Nc6 23. Rxd5 Rd8 24. Rb5 $2 (24. Rf5 $1 Nd4 (
24... Rc8 25. Kb1 Nd4 26. Rf7 $16) 25. Rf7 Nxe6 26. Rxb7 Nxf4 27. gxf4 Bd6 28.
Ng6 $16) (24. Rxd8+ {Ftacnik} Nxd8 $10) 24... b6 25. Ng6 (25. Nf7 Rc8 26. Kd1 (
26. Kb1 {Ftacnik} Nd4 27. Re5 Rc6 $10) 26... Nd4 27. Re5 Rc6 $10) (25. Rf5 $5)
25... Rc8 26. Kb1 (26. Nxf8 $2 {Ftacnik} Nd4+ $19) 26... Bc5 $1 (26... Nd4 27.
Re5 Be7 28. Re4 $16) 27. Rb3 Nd4 28. Re3 Nxe6 $1 29. Rxe6+ Kf7 1/2-1/2

[Event "Biel SKA"]
[Site "Biel"]
[Date "1991.??.??"]
[Round "6"]
[White "Bareev, Evgeny"]
[Black "Lautier, Joel"]
[Result "1/2-1/2"]
[WhiteElo "2680"]
[BlackElo "2560"]
[Annotator "Hertneck,G"]
[PlyCount "127"]
[EventDate "1991.07.??"]
[EventType "tourn"]
[EventRounds "14"]
[EventCountry "SUI"]
[EventCategory "15"]
[SourceTitle "CBM 025"]
[Source "ChessBase"]
[SourceDate "1991.12.01"]
[SourceVersion "1"]
[SourceVersionDate "1991.12.01"]
[SourceQuality "1"]

1. d4 d5 2. c4 c6 3. Nc3 Nf6 4. Nf3 dxc4 5. a4 Bg4 6. Ne5 Bh5 7. h3 Na6 8. g4
Bg6 9. e3 {TN} (9. Bg2 Nb4 10. O-O Bc2 $1 11. Qd2 Bb3 $1 {unclear at the time
being}) 9... Nb4 10. Bxc4 Nd7 (10... Nc2+ $4 11. Qxc2 Bxc2 12. Bxf7# $18) (
10... e6 $13) 11. Nxg6 hxg6 12. Qf3 $6 (12. a5 {/\ Bd2, Qb3}) 12... e6 13. Kf1
a5 14. Kg2 Be7 15. Ne4 g5 16. Bd2 Nf8 $1 {/\ Ng6-h4 =} 17. Bxb4 axb4 18. Nd2
Ng6 19. Qe4 Nh4+ 20. Kf1 Rh6 21. Ke2 Qc7 22. Qc2 e5 23. d5 Kf8 24. dxc6 Qxc6
25. Bd3 Rd8 26. Qxc6 Rxc6 27. Be4 Rc7 28. Rac1 Rdc8 29. Nb3 b6 30. Rxc7 Rxc7
31. Rc1 Rxc1 32. Nxc1 g6 33. Kd3 f5 34. Bh1 e4+ 35. Kc4 Ke8 36. b3 Kd8 37. Kb5
Kc7 38. Na2 Bd6 39. Nxb4 Bh2 40. Nd5+ Kb7 41. Nc3 Bg1 42. Nd1 Bh2 43. b4 Bg1
44. Kc4 Kc6 45. a5 bxa5 46. bxa5 Bh2 47. Nc3 Bg1 48. Bxe4+ fxe4 49. Nxe4 Nf3
50. a6 Bh2 51. a7 Kb7 52. Kd5 Kxa7 53. Ke6 Kb6 54. Kf6 Bc7 55. Kxg6 Bd8 56. Nd6
Kc6 57. Nf7 Be7 58. Kf5 Kd5 59. e4+ Kd4 60. Ke6 Bc5 61. e5 Ke4 62. Kf6 Bxf2 63.
e6 Bd4+ 64. Kg6 1/2-1/2

[Event "Belgrade Investbank"]
[Site "Belgrade"]
[Date "1991.??.??"]
[Round "?"]
[White "Sokolov, Ivan"]
[Black "Lautier, Joel"]
[Result "1-0"]
[WhiteElo "2570"]
[BlackElo "2560"]
[Annotator "Hertneck,G"]
[PlyCount "91"]
[EventDate "1991.11.??"]
[EventType "tourn"]
[EventRounds "11"]
[EventCountry "YUG"]
[EventCategory "15"]
[SourceTitle "CBM 027"]
[Source "ChessBase"]
[SourceDate "1992.04.01"]
[SourceVersion "1"]
[SourceVersionDate "1992.04.01"]
[SourceQuality "1"]

1. d4 {Kortschnoj} d5 2. c4 c6 3. Nf3 Nf6 4. Nc3 dxc4 5. a4 Bg4 6. Ne5 Bh5 7.
f3 Nfd7 8. Nxc4 e5 9. e4 $1 (9. Ne4 {Kortschnoj}) 9... Qh4+ (9... exd4 {
Kortschnoj} 10. Qxd4 {/\ Nd6+/-}) (9... Bb4 $5 {Kortschnoj} 10. dxe5 O-O $44)
10. g3 Qf6 11. dxe5 Qxf3 $8 (11... Nxe5 12. Nxe5 Qxe5 13. g4 Bg6 14. f4 Qe7 15.
f5 Qh4+ 16. Kd2 Na6 17. Kc2 $18) 12. Nd6+ Kd8 {TN} (12... Bxd6 13. Qxd6 $1 Qxh1
14. Bg5 f6 15. exf6 gxf6 (15... Nxf6 {Kortschnoj} 16. Bxf6 gxf6 17. Qe6+ Kf8
18. Qxf6+ Kg8 19. Qg5+ Bg6 20. O-O-O $18) 16. Qe6+ Kd8 17. Bxf6+ $18) (12...
Ke7 13. Bf4 (13. Bg5+ $2 {Kortschnoj} f6 $17) (13. Qb3 $44) 13... Qxd1+ 14.
Nxd1 Bf3 15. Rg1 h6 16. Ne3 Bh5 17. Nef5+ Kd8 18. g4 Bg6 19. Bc4 {+/-
Kremenetsky-Yannovsky, Moscow 1988}) 13. Qxf3 $6 (13. Bf4 $5 Qxd1+ (13... Qxh1
$2 14. Qxh5 $40) 14. Nxd1 Bxd6 15. exd6 Bf3 16. Rg1 Bxe4 17. Nc3 $16) 13...
Bxf3 14. Nxf7+ Ke8 15. Nxh8 Bxh1 16. e6 Nc5 17. Be3 Bf3 (17... Nxe6 $2 18. Kf2
(18. Bc4 {Kortschnoj} Nc5 (18... Bc5 19. Bxe6 Bxe3 20. Ke2 $18) 19. O-O-O $18)
18... Nc5 19. Re1 $1 $18) (17... Nxe4 18. Nxe4 Bxe4 19. Nf7 $13) (17... Nxe4 $5
{Kortschnoj}) 18. Nf7 Bg4 19. Bf4 Nba6 (19... Nxe6 {Kortschnoj} 20. Nd6+ Bxd6
21. Bxd6 Nd7 $14) 20. Nd6+ Bxd6 21. Bxd6 Rd8 (21... Nb4 $5 {Kortschnoj}) 22. e5
Nb4 $2 {[#]} (22... Bxe6 $14) (22... Bxe6 {Kortschnoj}) 23. Nb5 Ncd3+ (23...
Nc2+ 24. Kd2 Nxa1 $4 25. Nc7#) (23... Bxe6 {Kortschnoj} 24. Nc7+ Kf7 25. Nxe6
Kxe6 26. O-O-O $16) 24. Kd2 cxb5 25. Bxd3 Nxd3 26. Kxd3 Bxe6 (26... bxa4 27. e7
$18) 27. axb5 Ra8 28. Kd4 Kd7 (28... b6 {Kortschnoj} 29. Bc7 {/\ Bb6 +/-}) 29.
b6 a6 30. Rf1 Rc8 31. Bc7 Kc6 32. Rd1 Kd7 33. Kc5+ Ke7 34. Rd4 Bf5 35. g4 Be6
36. h4 Rg8 37. Bd6+ Ke8 38. g5 Rh8 39. Rf4 Kd7 40. Bf8 Rg8 41. Rd4+ Ke8 42. Kd6
$1 Bh3 43. Be7 Kf7 44. e6+ Kg6 45. Kd7 h5 46. Bd6 1-0

[Event "Bishkek zt"]
[Site "Bishkek"]
[Date "1993.??.??"]
[Round "?"]
[White "Kantsler, Boris"]
[Black "Imanaliev, Taalaibek"]
[Result "0-1"]
[WhiteElo "2445"]
[BlackElo "2365"]
[Annotator "Hertneck,G"]
[PlyCount "76"]
[EventDate "1993.??.??"]
[EventType "tourn"]
[EventRounds "13"]
[EventCountry "KGZ"]
[EventCategory "7"]
[SourceTitle "CBM 035"]
[Source "ChessBase"]
[SourceDate "1993.08.01"]
[SourceVersion "1"]
[SourceVersionDate "1993.08.01"]
[SourceQuality "1"]

1. c4 c6 2. d4 d5 3. Nc3 Nf6 4. Nf3 dxc4 5. a4 Bg4 6. Ne5 Bh5 7. g3 e6 8. Bg2
Bb4 9. O-O Nd5 10. Nxc4 $146 (10. Qc2 Be7 11. Nxc4 Nb4 12. Qb3 O-O 13. a5 N8a6
$13 {Yusupov,A-Nikolic,P/Hastings/1989}) 10... Na6 (10... Bxc3 $5 11. bxc3 Nxc3
12. Qb3 Nxe2+ 13. Kh1 O-O (13... b6 14. Ba3 Nxd4 15. Qc3 $40) 14. Qxb7 Nd7 (
14... Qxd4 $2 15. Be3 Qxc4 16. Qxa8 $16) 15. Ba3 Qc8 16. Rfb1 $1 $13) (10...
Nxc3 $6 11. bxc3 Bxc3 12. Ba3 Bxa1 13. Nd6+ Kd7 14. Qxa1 $40) 11. Qb3 Nb6 12.
Nxb6 Qxb6 $13 (12... axb6 $13) 13. Qc4 Rd8 14. Be3 Qa5 15. Na2 O-O 16. Nxb4
Qxb4 17. Qc2 Qe7 18. Rfe1 Nb4 19. Qc4 a5 20. Rac1 (20. Bf4) 20... Bg6 21. Bf4
Rd7 22. Bf3 Rfd8 23. Red1 f6 24. e4 Bf7 25. e5 g5 26. Be3 fxe5 27. Qc5 $2 (27.
dxe5 Nd3 28. Bb6 Nxe5 29. Bxd8 Nxf3+ 30. Kg2 Qxd8 31. Rxd7 Qxd7 32. Kxf3 e5 $13
) 27... Qf6 28. Kg2 Nd5 $17 29. dxe5 Qf5 30. Bxd5 Rxd5 31. Rxd5 Rxd5 32. Qe7
Qxe5 33. Bc5 Kg7 34. Rc3 g4 35. Qf8+ Kg6 36. Re3 Qh5 37. h4 Rxc5 38. Re4 Qd5
0-1